00712nam a2200193 450000500170000001000150001702000260003203500140005803700130007208200120008524501610009726000380025827000910029630000230038750000500041070000220046070000140048270000220049620191224144152.0 aENG-127233 a9789352873616c925.00 aEN-110765 bDBAD/PUB a304.209 aPolitical ecology of survival :ced.by Madhurilata Basu, Rajat Roy [and] Ranabir Samaddarblife and labour in the river lands of east and north-east India / aHyderabadbOrient Blackswanc2018 a3-6-752, HimayatnagarbHyderabad, Telanganae500029mcentraloffice@orientblackswan.com axvi;254.c22cm(Hb) aIncludes bibliographical references and index aBasu, Madhurilata aRoy Rajat aSamaddar, Ranabir